000 00610nam a22002052 4500
001 0000012985
005 20151217152118.0
008 090518s xx 000 0 eng d
020 _a8131721438 :
040 _aKABU
_cKABU
100 1 _aWilson, Stephen G.
_@0000170023
245 1 0 _aDigital modulation and coding /
_cStephen G. Wilson.
250 _a1st ed.
260 _aNew Delhi :
_bPearson,
_c1996.
300 _axvi, 677 p.
650 0 _aSignal processing
_xDigital techniques.
_@0000170024
852 1 _9p3950 KES
908 _a090518
950 _@1
999 _c8396
_d8396